Qui a dit cette réplique Marvel #10 - Statistiques

Statistiques générales
  • Ce quiz a été pris 901 fois
    318 depuis la dernière actualisation
  • Le résultat moyen est 12 sur 19
Statistiques - réponses
Hint Réplique Réponse % Correct
2 Comment osez vous vous en prendre au fils d'Odin. Thor
98%
18 Le voila mon secret captain... Je n'ai jamais cessé d'être en colère ! Hulk (Bruce Banner)
95%
4 Si vraiment tu n'es rien sans ce costume c'est que tu ne le mérites pas. Iron man (Tony Stark)
94%
16 Mais l'ascenseur n'en serait pas digne. Captain America (Steve Rogers)
93%
1 Tu aurais du me couper la tête. Thanos
93%
14 Je tombe depuis plus d'une demi heure. Loki
90%
11 Pas de la terre, du Missouri. Star Lord (Peter Quill)
86%
8 Il a tué 80 personnes en 2 jours. Black Widow (Natasha Romanoff)
82%
6 À chaque fois que je soulève ce bouclier, je sais que je vais provoquer la haine de millions de personnes. Falcon (Sam Wilson)
70%
10 Oh, et tous mes voeux de bonheur pour votre mariage. Doctor Strange (Stephen Strange)
64%
3 Vous enfreignez les règles et devenez un héros. Je le fais et je deviens l'ennemie. Cela ne semble pas juste. La sorcière rouge (Wanda Maximoff)
64%
15 Stark il y a un paquet de francs tireurs à vos trousses. Hawkeye (Clint Barton)
63%
12 Nous ne pouvons pas la donner à Namor. Shuri
54%
19 Il est rapide et elle est bizarre. Maria Hill
42%
17 C'était réel pour moi ! Yelena Belova
39%
13 Tony Stark a pourtant fabriqué ce truc dans une grotte Afghane !! Obadiah Stane
24%
5 Le caisson de régénération répare les tissus. Il ne crée pas un corps de toute pièce. Helen Cho
21%
9 Et je la réduirais en cendres ! Et ensuite Thanos je viendrais vous régler votre compte. Ronan
19%
7 Ma mère à tout fait pour me dissuader de m'engager mais... Sharon Carter
6%
Aucun quiz correspondant
Distribution des résultats
% des personnes avec chaque résultat
Percentile par nombre de réponses
Votre historique - résultats
Vous n’avez pas pris ce quiz depuis la dernière actualisation